Modal logic for philosophers /
| Κύριος συγγραφέας: | |
|---|---|
| Μορφή: | Βιβλίο |
| Γλώσσα: | English |
| Έκδοση: |
Cambridge ; New York :
Cambridge University Press,
2006.
|
| Θέματα: | |
| Διαθέσιμο Online: | Table of contents only Publisher description Contributor biographical information |
| LEADER | 01389cam a22002891i 4500 | ||
|---|---|---|---|
| 003 | GR-PaULI | ||
| 005 | 20210117210509.0 | ||
| 008 | 060112s2006 enka f b 001 0 eng d | ||
| 020 | |a 0521863678 (hardback) | ||
| 020 | |a 0521682290 (pbk.) | ||
| 020 | |a 9780521863674 | ||
| 020 | |a 9780521682299 | ||
| 040 | |a DLC |c DLC |d BAKER |d UKM |d C#P |d YDXCP |d DLC |d GR-PaULI |b gre |e AACR2 | ||
| 082 | 0 | 4 | |a 160 |2 23 |
| 100 | 1 | |a Garson, James W., |d 1943- |9 165327 |e συγγραφέας | |
| 245 | 1 | 0 | |a Modal logic for philosophers / |c James W. Garson. |
| 260 | |a Cambridge ; |a New York : |b Cambridge University Press, |c 2006. | ||
| 300 | |a xv, 455 σ. : |b εικ. ; |c 24 εκ. | ||
| 504 | |a Περιλαμβάνει βιβλιογραφία (σ. 445-448) και ευρετήριο. | ||
| 650 | 4 | |a Τροπικότητα (Λογική) |9 156050 | |
| 856 | 4 | 1 | |3 Table of contents only |u http://www.loc.gov/catdir/toc/ecip066/2006001152.html |
| 856 | 4 | 2 | |3 Publisher description |u http://www.loc.gov/catdir/enhancements/fy0633/2006001152-d.html |
| 856 | 4 | 2 | |3 Contributor biographical information |u http://www.loc.gov/catdir/enhancements/fy0733/2006001152-b.html |
| 942 | |2 ddc |c BK15 | ||
| 952 | |0 0 |1 0 |2 ddc |4 0 |6 160_000000000000000_GAR |7 0 |9 216919 |a PHIL |b PHIL |d 2017-11-01 |i 6928 |l 0 |o 160 GAR |p 025000171682 |r 2017-11-01 00:00:00 |t 1 |v 2017.00 |w 2017-11-01 |y BK15 | ||
| 998 | |c ΚΑΝΕΛΛΟΠΟΥΛΟΥ |d 2017-11 | ||
| 999 | |c 131514 |d 131514 | ||